Busiest International Route by Airport - Statistics

General Stats
  • This quiz has been taken 104 times
  • The average score is 10 of 16
Answer Stats
Departure Airport Destination Airport # % Correct
London (Heathrow) New York (JFK) 148
97%
Montreal New York (LaGuardia) 100
90%
Bucharest Paris 37
85%
Delhi Dubai 95
78%
Bangkok (Suvarnabhumi) Hong Kong 129
76%
Rome Madrid 98
75%
Sao Paulo (Guarulhos) Buenos Aires 60
74%
Singapore Kuala Lumpur 254
74%
Melbourne Auckland 62
70%
Dubai Riyadh 180
59%
Seoul (Incheon) Osaka 173
56%
Warsaw (Chopin) Amsterdam 55
51%
Lagos Accra 43
48%
Colombo Chennai 60
46%
Caracas Panama City 35
37%
Istanbul Tehran 100
26%
No matching quizzes found
Score Distribution
Percent of People with Each Score
Percentile by Number Answered
Your Score History
You have not taken this quiz